000 00645nam a2200205 i 4500
001 37089
003 ES-MaACL
005 20230906155512.0
007 t|
008 030220s1970 sp ||||1| spa d
100 1 _aBrumm, F.
_932132
245 1 3 _aLa multiplicación de las frondosas y de las coníferas /
_cF. Brumm, O. Burchards ; [traducido por Manuel Costa].
250 _a[1ª ed.].
260 _aBarcelona, etc. :
_bBlume,
_c[1970]
300 _a139 p. :
_bil. ;
_c22 cm.
650 _aÁrboles-
_xReproducción.
_9167420
700 1 _aBurchards, O.
_932580
700 1 _aCosta, Manuel.
_941066
852 _aES-MaACL
_jC-46235
_bR.75344
999 _c37089
_d37089